[Event "Petrolina Cordioli Memorial op"]
[Site "Petrolina"]
[Date "2007.10.19"]
[Round "3"]
[White "Dos Santos, Adriano Barbosa"]
[Black "Gomes, Brendo Rodrigues"]
[Result "0-1"]
[WhiteElo "1800"]
[BlackElo "1846"]
[PlyCount "40"]
[EventDate "2007.10.09"]
[EventType "swiss"]
[EventRounds "7"]
[EventCountry "BRA"]
[SourceTitle "EXT 2022"]
[Source "ChessBase"]
[SourceDate "2021.10.06"]
[SourceVersion "1"]
[SourceVersionDate "2021.10.06"]
[SourceQuality "1"]

1. e4 e6 2. d4 d5 3. Nc3 Bb4 4. exd5 exd5 5. Bd2 Nf6 6. Nf3 0-0 7. g3 Bg4 8. Bg2 Bxc3 9. Bxc3 Re8+ 10. Kf1 Ne4 11. Qd3 Bf5 12. Nh4 Bd7 13. Bxe4 dxe4 14. Qe3 Bh3+ 15. Ke1 f5 16. Rg1 Qd5 17. f3 Nd7 18. Kd2 Nb6 19. b3 exf3 20. Nxf3 Rxe3 0-1